Shortest Border Chase Quiz Stats

 Plays Quiz not verified by Sporcle

Support Sporcle.
Go Orange.
Score 0/15 Timer 09:00
0 Plays Today
If your current country is... Your destination nation is... % Correct
????
100%
????
93.5%
????
82.2%
????
73.8%
????
73.8%
????
70.1%
????
66.4%
????
66.4%
If your current country is... Your destination nation is... % Correct
????
65.4%
????
64.5%
????
64.5%
????
64.5%
????
57%
????
57%
????
55.1%

You're not logged in!

Compare scores with friends on all Sporcle quizzes.
OR
Log In

From the Vault

Gimme Five: Movies

by MSUKent

There's no requirement on whether the fives are high or low.
Remove Ads.
Support Sporcle.
Get the best of Sporcle when you Go Orange. This ad-free experience offers more features, more stats, and more fun while also helping to support Sporcle. Thank you for becoming a member.

Show Comments

Extras

Created Mar 1, 2011SourceReportNominate
Tags:Border Quiz

Top Quizzes Today


Score Distribution

Your Account Isn't Verified!

In order to create a playlist on Sporcle, you need to verify the email address you used during registration. Go to your Sporcle Settings to finish the process.

Report this User

Report this user for behavior that violates our Community Guidelines.

Details: